| 000 | 00526nam a2200193Ia 4500 | ||
|---|---|---|---|
| 005 | 20240905021502.0 | ||
| 008 | 240331s9999 xx 000 0 und d | ||
| 020 | _a0192614037 | ||
| 082 |
_bCAM _a613.042 |
||
| 100 | _aCameron, M. and Hofvander,Y | ||
| 245 | 0 | _aManual on feeding infants and young children | |
| 250 | _a3rd | ||
| 260 |
_aNew Delhi _bOxford University Press _c1983 |
||
| 300 | _axx, 214 p ., | ||
| 650 | _aPorteins in Human nutrition | ||
| 650 | _aChild Health | ||
| 650 | _aChild nutrition | ||
| 942 | _cL | ||
| 999 |
_c3002 _d3002 |
||